| 000 | 00838nas a2200265 4500 | ||
|---|---|---|---|
| 001 | BR7704190 | ||
| 003 | BR-BrBNA | ||
| 005 | 20231205083218.0 | ||
| 007 | ta | ||
| 008 | 230509b bl.|||p| |||| 00| 00por d | ||
| 040 |
_aBR-BrBNA _bpor _cBiblioteca Nacional de Agricultura |
||
| 041 | _a(Pt) | ||
| 072 | _aF60 | ||
| 100 | 1 | _aBittencourt, J.F.N. | |
| 100 | 1 | _aFernandes, P.D. | |
| 100 | 1 | _aMattos, J.R. de | |
| 245 | 1 | _aEfeitos da aplicacao de fertilizantes comerciais, via foliar, em gloxinea (Sinningia speciosa, Hiern) | |
| 650 | _aFISIOLOGIA VEGETAL | ||
| 650 | _aGLOXINIA | ||
| 650 | _aFERTILIZANTE | ||
| 650 | _aFOLHA | ||
| 773 | 0 |
_tAnais da Escola Superior de Agricultura Luiz de Queiroz (Brazil) _xISSN 0071-1276 _g(1977), v. 34 p. 121-126 _wBR7704190 |
|
| 909 |
_a202311 _bLúcia _c55 _dLúcia Elande |
||
| 942 |
_2AGRIS _n0 _cANA |
||
| 999 |
_c97188 _d97188 |
||